[Event "Hannover-ch U14"]
[Site "Lehrte"]
[Date "2015.11.01"]
[Round "7"]
[White "Fricke, Justus Roderic"]
[Black "Busse, Lukas Oliver"]
[Result "1-0"]
[WhiteElo "951"]
[BlackElo "741"]
[PlyCount "141"]
[EventDate "2015.10.29"]
[EventType "swiss"]
[EventRounds "7"]
[EventCountry "GER"]
[SourceTitle "EXT 2021"]
[Source "ChessBase"]
[SourceDate "2020.10.23"]
[SourceVersion "1"]
[SourceVersionDate "2020.10.23"]
[SourceQuality "1"]

1. e4 e5 2. Bc4 Nf6 3. Nf3 Nc6 4. Nc3 Bc5 5. d3 d6 6. Bg5 h6 7. Bxf6 Qxf6 8. Nd5 Qd8 9. Qd2 Be6 10. c3 Rg8 11. d4 exd4 12. cxd4 Bxd5 13. Bxd5 Bb4 14. Qxb4 Nxb4 15. Bxb7 Nc2+ 16. Ke2 Rb8 17. Bc6+ Kf8 18. Rac1 Rxb2 19. Kd1 Nb4 20. Bd5 Qc8 21. h3 Qa6 22. Bc4 Qa4+ 23. Bb3 Qb5 24. Bc4 Qb6 25. Re1 c5 26. e5 g6 27. e6 fxe6 28. Rxe6 cxd4 29. Rf6+ Kg7 30. Rf7+ Kh8 31. Rf6 d3 32. Ne5 Kg7 33. Rf7+ Kh8 34. Rf6 d2 35. Rc3 Rb1+ 36. Kxd2 Qd4+ 37. Nd3 Nxd3 38. Rxd3 Rb2+ 39. Kc1 Qxf6 40. Bxg8 Qf4+ 41. Kxb2 Qxf2+ 42. Kc3 Qf6+ 43. Rd4 d5 44. Bxd5 Qb6 45. Kd3 Qb1+ 46. Kc4 Qxa2+ 47. Kc5 Qc2+ 48. Bc4 h5 49. Rd8+ Kg7 50. Rd7+ Kf6 51. Rf7+ Kg5 52. Rd7 Qf2+ 53. Rd4 Qf8+ 54. Rd6 Qf5+ 55. Rd5 Kf6 56. Rxf5+ Kxf5 57. Bd5 Kg5 58. Kb5 Kh4 59. Ka6 g5 60. Kxa7 g4 61. hxg4 hxg4 62. Kb6 Kg3 63. Kc5 Kh4 64. Kd4 g3 65. Ke3 Kg4 66. Ke2 Kf4 67. Be6 Kg5 68. Kf3 Kh4 69. Bd7 Kg5 70. Kxg3 Kf6 71. Ba4 1-0

[Event "Hannover-ch U14"]
[Site "Lehrte"]
[Date "2015.10.29"]
[Round "1"]
[White "Weigand, Anton"]
[Black "Fricke, Justus Roderic"]
[Result "1-0"]
[WhiteElo "1400"]
[BlackElo "951"]
[PlyCount "38"]
[EventDate "2015.10.29"]
[EventType "swiss"]
[EventRounds "7"]
[EventCountry "GER"]
[SourceTitle "EXT 2021"]
[Source "ChessBase"]
[SourceDate "2020.10.23"]
[SourceVersion "1"]
[SourceVersionDate "2020.10.23"]
[SourceQuality "1"]

1. e4 e5 2. Nf3 Nc6 3. Bc4 Bc5 4. d3 d6 5. h3 Nf6 6. Bg5 Nd4 7. Nc3 a6 8. Nd5 c6 9. Nxf6+ gxf6 10. Bh4 b5 11. Bb3 Rg8 12. Nxd4 Bxd4 13. c3 Bc5 14. Qf3 Rg6 15. 0-0-0 a5 16. Qh5 b4 17. d4 bxc3 18. dxc5 cxb2+ 19. Kxb2 Rb8 1-0

[Event "Hannover-ch U12"]
[Site "Lehrte"]
[Date "2014.10.27"]
[Round "8"]
[White "Hofmann, Justin"]
[Black "Fricke, Justus Roderic"]
[Result "1-0"]
[WhiteElo "967"]
[BlackElo "980"]
[PlyCount "93"]
[EventDate "2014.10.25"]
[EventType "swiss"]
[EventRounds "11"]
[EventCountry "GER"]
[SourceTitle "EXT 2021"]
[Source "ChessBase"]
[SourceDate "2020.10.23"]
[SourceVersion "1"]
[SourceVersionDate "2020.10.23"]
[SourceQuality "1"]

1. d4 d5 2. Nf3 Nc6 3. Nc3 Nf6 4. Bf4 Bf5 5. e3 e6 6. Bd3 Bg6 7. Bxg6 hxg6 8. 0-0 Bd6 9. Bxd6 Qxd6 10. Qd3 Ng4 11. Nb5 Qe7 12. h3 Nf6 13. Ne5 Ne4 14. Nc3 0-0-0 15. Nxe4 dxe4 16. Nxc6 bxc6 17. Qxe4 Rh7 18. Qxc6 Rdh8 19. Kh2 g5 20. f3 f5 21. Kg3 f4+ 22. Kf2 fxe3+ 23. Ke2 Qb4 24. Qc3 Qb5+ 25. Qd3 Qxb2 26. Rfb1 Qxb1 27. Rxb1 Rd8 28. Kxe3 e5 29. Qxh7 exd4+ 30. Kd3 a6 31. Qf5+ Rd7 32. Rb8+ Kxb8 33. Qxd7 Kb7 34. Qxg7 Kb6 35. Qxg5 Kb7 36. h4 Kb8 37. h5 Kb7 38. h6 a5 39. h7 a4 40. h8R a3 41. f4 Kb6 42. c4 c6 43. Rb8+ Ka6 44. Kxd4 c5+ 45. Kxc5 Ka7 46. Qe7+ Ka6 47. Ra8# 1-0

[Event "Hannover-ch U12"]
[Site "Lehrte"]
[Date "2014.10.26"]
[Round "4"]
[White "Fricke, Justus Roderic"]
[Black "Poschadel, Andreas Gregor"]
[Result "1-0"]
[WhiteElo "980"]
[BlackElo "812"]
[PlyCount "67"]
[EventDate "2014.10.25"]
[EventType "swiss"]
[EventRounds "11"]
[EventCountry "GER"]
[SourceTitle "EXT 2021"]
[Source "ChessBase"]
[SourceDate "2020.10.23"]
[SourceVersion "1"]
[SourceVersionDate "2020.10.23"]
[SourceQuality "1"]

1. e4 e5 2. Nf3 Nc6 3. Nc3 Bc5 4. Bc4 Nf6 5. Ng5 d5 6. Nxd5 Nxd5 7. Bxd5 Be6 8. Nxe6 fxe6 9. Bxe6 Qf6 10. 0-0 Qxe6 11. d3 0-0-0 12. Bg5 Rdf8 13. g3 Qf7 14. Qg4+ Kb8 15. Kg2 Nd4 16. f4 Nxc2 17. fxe5 Ne3+ 18. Bxe3 Qxf1+ 19. Rxf1 Rxf1 20. Kxf1 Bxe3 21. Qxg7 Rd8 22. Qe7 Kc8 23. Qe6+ Rd7 24. Qg8+ Rd8 25. Qxh7 Rf8+ 26. Ke2 Bd4 27. Qh3+ Kb8 28. b4 Rf2+ 29. Ke1 Rf8 30. e6 Bf2+ 31. Ke2 Bd4 32. e7 Rf2+ 33. Ke1 Rf7 34. e8R# 1-0

[Event "Hannover-ch U12"]
[Site "Lehrte"]
[Date "2014.10.25"]
[Round "3"]
[White "Chrubasik, Mathis"]
[Black "Fricke, Justus Roderic"]
[Result "0-1"]
[WhiteElo "759"]
[BlackElo "980"]
[PlyCount "56"]
[EventDate "2014.10.25"]
[EventType "swiss"]
[EventRounds "11"]
[EventCountry "GER"]
[SourceTitle "EXT 2021"]
[Source "ChessBase"]
[SourceDate "2020.10.23"]
[SourceVersion "1"]
[SourceVersionDate "2020.10.23"]
[SourceQuality "1"]

1. e4 e5 2. Bc4 Nf6 3. Nc3 Bc5 4. Nf3 Nc6 5. d3 d6 6. Bg5 Be6 7. Bb5 a6 8. Bxc6+ bxc6 9. Na4 h6 10. Bh4 g5 11. Bg3 Rb8 12. Nxc5 dxc5 13. b3 Ng4 14. Nxe5 Nxe5 15. Bxe5 f6 16. Qh5+ Bf7 17. Qg4 h5 18. Qf5 Rb5 19. Bxf6 Qd7 20. Qe5+ Qe6 21. Qxg5 Rg8 22. Qh6 c4 23. bxc4 Ra5 24. h4 Rg6 25. Qh8+ Rg8 26. Qh6 Rg6 27. Qh8+ Bg8 28. f3 Rxf6 0-1

[Event "Hannover-ch U12"]
[Site "Lehrte"]
[Date "2013.10.18"]
[Round "5"]
[White "Azizi, Siar"]
[Black "Fricke, Justus Roderic"]
[Result "0-1"]
[WhiteElo "896"]
[BlackElo "795"]
[PlyCount "100"]
[EventDate "2013.10.17"]
[EventType "swiss"]
[EventRounds "11"]
[EventCountry "GER"]
[SourceTitle "EXT 2021"]
[Source "ChessBase"]
[SourceDate "2020.10.23"]
[SourceVersion "1"]
[SourceVersionDate "2020.10.23"]
[SourceQuality "1"]

1. e4 e5 2. Nf3 Nc6 3. Bb5 a6 4. Bc4 Nf6 5. Nc3 Bc5 6. 0-0 d6 7. Nd5 Nd4 8. Nxf6+ Qxf6 9. Nxd4 Bxd4 10. d3 Qg6 11. Qf3 Bg4 12. Bxf7+ Qxf7 13. Qxg4 h5 14. Qg3 c6 15. Qh4 d5 16. Bg5 Bxb2 17. Rab1 Bd4 18. Rb3 dxe4 19. dxe4 Bc5 20. Rfb1 b5 21. Be3 Be7 22. Qg3 Bd6 23. a4 b4 24. c3 a5 25. Bd2 c5 26. cxb4 axb4 27. Rd3 Bc7 28. Be3 Qa2 29. Rbd1 Rd8 30. Rxd8+ Bxd8 31. Qxe5+ Kf7 32. Qf5+ Bf6 33. Rd7+ Kg8 34. g3 Qa1+ 35. Kg2 b3 36. Bxc5 Qe5 37. Qxe5 Bxe5 38. Rb7 b2 39. a5 Kh7 40. a6 Rb8 41. a7 Rxb7 42. a8Q b1Q 43. f4 Qxe4+ 44. Kh3 Qf5+ 45. Kg2 Qc2+ 46. Kf3 Rb3+ 47. Be3 Qd1+ 48. Ke4 Bd6 49. Qa6 Rb4+ 50. Kf5 Qd5# 0-1

[Event "Hannover-ch U12"]
[Site "Lehrte"]
[Date "2013.10.17"]
[Round "1"]
[White "Kolisnychenko, Nikita"]
[Black "Fricke, Justus Roderic"]
[Result "1-0"]
[WhiteElo "1262"]
[BlackElo "795"]
[PlyCount "45"]
[EventDate "2013.10.17"]
[EventType "swiss"]
[EventRounds "11"]
[EventCountry "GER"]
[SourceTitle "EXT 2021"]
[Source "ChessBase"]
[SourceDate "2020.10.23"]
[SourceVersion "1"]
[SourceVersionDate "2020.10.23"]
[SourceQuality "1"]

1. e4 e5 2. Nf3 Nc6 3. d4 d6 4. dxe5 Bg4 5. Bb5 a6 6. Bxc6+ bxc6 7. h3 Bxf3 8. Qxf3 dxe5 9. 0-0 Nf6 10. Qc3 Qd6 11. Qf3 Qc5 12. Nc3 h5 13. Be3 Qb4 14. Rab1 Bc5 15. Bg5 Bd4 16. Rfd1 Bxc3 17. Bxf6 gxf6 18. bxc3 Qc4 19. Qxf6 Rg8 20. Qxe5+ Kf8 21. Rd7 Re8 22. Qxc7 Qxe4 23. Rxf7# 1-0

[Event "Niedersachsen-ch U10"]
[Site "Rotenburg"]
[Date "2013.03.26"]
[Round "5"]
[White "Schuette, Morris"]
[Black "Fricke, Justus Roderic"]
[Result "1-0"]
[WhiteElo "765"]
[BlackElo "833"]
[PlyCount "99"]
[EventDate "2013.03.23"]
[EventType "swiss"]
[EventRounds "11"]
[EventCountry "GER"]
[SourceTitle "EXT 2015"]
[Source "ChessBase"]
[SourceDate "2014.11.20"]
[SourceVersion "1"]
[SourceVersionDate "2014.11.20"]
[SourceQuality "1"]

1. e4 e5 2. Nf3 Nc6 3. Bb5 d6 4. d4 Bd7 5. dxe5 dxe5 6. Nc3 Nf6 7. 0-0 Bc5 8. Bg5 Nd4 9. Nxd4 Bxd4 10. Bxd7+ Qxd7 11. Bxf6 gxf6 12. Nd5 Qd6 13. Qg4 Bxb2 14. Qg7 Qf8 15. Qxf8+ Rxf8 16. Rad1 0-0-0 17. Nxf6 Rxd1 18. Rxd1 Rd8 19. Rxd8+ Kxd8 20. Nxh7 c5 21. h4 b5 22. h5 Ke7 23. h6 f6 24. Ng5 Kf8 25. Ne6+ Kf7 26. h7 Kxe6 27. h8Q b4 28. Qh3+ Kf7 29. Qb3+ c4 30. Qxb2 c3 31. Qb3+ Kg6 32. Qxb4 f5 33. Qxc3 fxe4 34. Qxe5 Kf7 35. Qxe4 a5 36. Qd5+ Ke7 37. Qxa5 Kd6 38. Qb5 Ke6 39. Qc5 Kd7 40. Qb6 Ke7 41. Qc6 Kf7 42. Qd6 Kg7 43. Qe6 Kh7 44. Qf6 Kg8 45. Qe7 Kh8 46. g4 Kg8 47. g5 Kh8 48. g6 Kg8 49. a3 Kh8 50. Qh7# 1-0

[Event "Niedersachsen-ch U10"]
[Site "Rotenburg"]
[Date "2013.03.25"]
[Round "4"]
[White "Fricke, Justus Roderic"]
[Black "Mimkes, Pavel"]
[Result "0-1"]
[WhiteElo "833"]
[BlackElo "738"]
[PlyCount "82"]
[EventDate "2013.03.23"]
[EventType "swiss"]
[EventRounds "11"]
[EventCountry "GER"]
[SourceTitle "EXT 2015"]
[Source "ChessBase"]
[SourceDate "2014.11.20"]
[SourceVersion "1"]
[SourceVersionDate "2014.11.20"]
[SourceQuality "1"]

1. e4 e5 2. Nc3 Nf6 3. Bc4 g6 4. d3 Bg7 5. Nf3 Nc6 6. Ng5 0-0 7. 0-0 d6 8. Na4 Rb8 9. c3 b5 10. Bd5 Bd7 11. Qb3 bxa4 12. Bxf7+ Kh8 13. Qxa4 Nd4 14. Qxa7 Ra8 15. Qb7 Bc6 16. Qb4 Ra4 17. Qxa4 Bxa4 18. cxd4 h6 19. Ne6 Qd7 20. Nxf8 Qxf7 21. dxe5 dxe5 22. b3 Bc6 23. Ba3 Bxf8 24. Bxf8 Qxf8 25. Rac1 Qd6 26. Rc2 Ne8 27. Rfc1 Bb5 28. a4 Ba6 29. Rc6 Qxd3 30. Rxg6 Kh7 31. Re6 Qd2 32. Rb1 Bd3 33. Re7+ Kg6 34. Re6+ Kf7 35. Rxe5 Bxb1 36. Rf5+ Ke6 37. h3 Bxe4 38. Rb5 Qe1+ 39. Kh2 Qxf2 40. Re5+ Kxe5 41. h4 Qxg2# 0-1